000 00587nam a2200217Ia 4500
005 20260115172921.0
008 008 260114s9999 xx 000 0 eng d
020 _a9781108775137
037 _aEBOOK
040 _aCRL
_beng
_cCRL
041 _aeng
_2eng
084 _qCRL
100 _aKalinowski
_9880252
245 0 _aMemory, Family, and Community in Roman Ephesos
260 _bCambridge University Press
260 _bCambridge University Press
260 _c2021
856 _uhttps://doi.org/10.1017/9781108775137
942 _cEBOOK
999 _c1478859
_d1478859